000 00458nam a2200181Ia 4500
001 4665
005 20260306145812.0
008 260306t2008||||xx |||||||||||||| ||spa||
041 _aESP
082 _a330
_bI59 2008
100 _aInstituto de Ciencias y Humanidades
_eAUT
245 0 _aIntroducción a la economía:
_benfoque social
260 _c2008
300 _a982 páginas :
_c21 cm.
650 _aGEN
654 _aCAN
942 _cLIB
_dJUS
_fJUS
_2ddc
_n
999 _c4665
_d4665